30 Famous Car Makers - Statistics

General Stats
  • This quiz has been taken 74 times
    39 since last reset
  • The average score is 12 of 30
Answer Stats
Hint Answer % Correct
Henry ๐Ÿ‡บ๐Ÿ‡ธ Ford
94%
Enzo ๐Ÿ‡ฎ๐Ÿ‡น Ferrari
88%
Kiichiro ๐Ÿ‡ฏ๐Ÿ‡ต Toyota
72%
Soichiro ๐Ÿ‡ฏ๐Ÿ‡ต Honda
66%
Ferdinand ๐Ÿ‡ฉ๐Ÿ‡ช Porsche
63%
Ferruccio ๐Ÿ‡ฎ๐Ÿ‡น Lamborghini
53%
Karl ๐Ÿ‡ฉ๐Ÿ‡ช Benz
50%
W.O. ๐Ÿ‡ฌ๐Ÿ‡ง Bentley
47%
Michio ๐Ÿ‡ฏ๐Ÿ‡ต Suzuki
47%
Louis ๐Ÿ‡บ๐Ÿ‡ธ Chevrolet
44%
Horace ๐Ÿ‡บ๐Ÿ‡ธ Dodge
44%
Louis ๐Ÿ‡ซ๐Ÿ‡ท Renault
44%
ร‰mile ๐Ÿ‡ซ๐Ÿ‡ท Peugeot
41%
Etorre ๐Ÿ‡ฎ๐Ÿ‡น Bugatti
38%
Walter ๐Ÿ‡บ๐Ÿ‡ธ Chrysler
38%
Andrรฉ ๐Ÿ‡ซ๐Ÿ‡ท Citroรซn
38%
Carroll ๐Ÿ‡บ๐Ÿ‡ธ Shelby
34%
Gottlieb ๐Ÿ‡ฉ๐Ÿ‡ช Daimler
31%
Bruce ๐Ÿ‡ฌ๐Ÿ‡ง McLaren
31%
Charles ๐Ÿ‡ฌ๐Ÿ‡ง Rolls
28%
Henry ๐Ÿ‡ฌ๐Ÿ‡ง Royce
28%
Alfieri ๐Ÿ‡ฎ๐Ÿ‡น Maserati
25%
David ๐Ÿ‡บ๐Ÿ‡ธ Buick
22%
James ๐Ÿ‡ฆ๐Ÿ‡บ Holden
22%
Horacio ๐Ÿ‡ฎ๐Ÿ‡น Pagani
22%
John ๐Ÿ‡บ๐Ÿ‡ธ DeLorean
19%
Lionel ๐Ÿ‡ฌ๐Ÿ‡ง Martin
19%
Nicola ๐Ÿ‡ฎ๐Ÿ‡น Romeo
19%
Adam ๐Ÿ‡ฉ๐Ÿ‡ช Opel
13%
August ๐Ÿ‡บ๐Ÿ‡ธ Duesenberg
0%
No matching quizzes found
Score Distribution
Percent of People with Each Score
Percentile by Number Answered
Your Score History
You have not taken this quiz since the last reset